Highest mountains on each continent - Statistics

General Stats
  • This quiz has been taken 23 times
  • The average score is 8 of 70
Answers on the Map
Answers color-coded by a green-red scale on the quiz's map according to % correct below.
 
Answer Stats
Mountain e. (m) % Correct
Everest 8,849
88%
K2 8,611
88%
Blanc 4,806
82%
Kilimanjaro 5,895
82%
Denali 6,191
71%
Aconcagua 6,961
59%
Kenya 5,199
59%
Elbrus 5,642
53%
Annapurna 8,091
29%
Kangchenjunga 8,586
29%
Lhotse 8,516
29%
Logan 5,956
18%
Vinson 4,892
18%
Cho Oyu 8,188
12%
Makalu 8,485
12%
Manaslu 8,163
12%
Nanga Parbat 8,126
12%
Puncak Jaya 4,884
12%
Rosa 4,634
12%
Huascarán 6,768
6%
Ojos del Salado 6,893
6%
Ras Dashen 4,550
6%
Stanley 5,109
6%
Wilhelm 4,509
6%
Baker 4,844
0%
Bona 5,044
0%
Bonete 6,759
0%
Carstensz East 4,820
0%
Citlaltépetl 5,636
0%
Craddock 4,368
0%
Dhaulagiri 8,167
0%
Dykh-Tau 5,205
0%
Dzhimara 4,780
0%
Elizabeth 4,480
0%
Emin 4,798
0%
Epperly 4,359
0%
Foraker 5,304
0%
Gardner 4,587
0%
Gessi 4,715
0%
Incahuasi 6,638
0%
Iztaccíhuatl 5,230
0%
J.P. Coen Peak 4,500
0%
Karisimbi 4,507
0%
Kazbek 5,054
0%
King 5,173
0%
Kirkpatrick 4,528
0%
Koshtan-Tau 5,144
0%
Llullaillaco 6,739
0%
Lucania 5,260
0%
Markham 4,350
0%
Mercedario 6,720
0%
Meru 4,566
0%
Ngga Pilimsit 4,717
0%
Ngga Pulu 4,862
0%
Pissis 6,792
0%
Popocatépetl 5,410
0%
Puncak Mandala 4,760
0%
Puncak Trikora 4,730
0%
Rutford 4,477
0%
Saint Elias 5,489
0%
Shinn 4,661
0%
Shkhara 5,203
0%
Speke 4,890
0%
Sumantri 4,870
0%
Tetnuldi 4,858
0%
Tres Cruces 6,758
0%
Tyree 4,852
0%
Ushba 4,710
0%
Walther Penck 6,670
0%
Yamin 4,540
0%
No matching quizzes found
Score Distribution
Percent of People with Each Score
Percentile by Number Answered
Your Score History
You have not taken this quiz